Statistics for Top 10 Languages Spoken in the United States

Click here to take the quiz!

General Stats

  • This quiz has been taken 162 times
  • The average score is 8 of 10

Answer Stats

Speakers Language % Correct
37.5 milSpanish
100%
230 milEnglish
100%
2.05 milFrench
97%
1.17 milGerman
93%
2.88 milChinese
91%
.951 milArabic
79%
.905 milRussian
76%
1.14 milKorean
72%
1.41 milVietnamese
62%
1.59 milTagalog
57%

Score Distribution

Percentile by Number Answered

Percent of People with Each Score

Your Score History

You have not taken this quiz